Криптон-85 в атмосфере: накопление, биологическое значение и способы контроля; рекомендации национального комитета США по радиационной защите и измерениям; пер. с англ.

Detalles Bibliográficos
Outros autores: Сивинцев Ю. В. Юрий Васильевич (редактор)
Idioma:ruso
Publicado: Москва, Атомиздат, 1978
Subjects:
Formato: MixedMaterials Libro
KOHA link:https://koha.lib.tpu.ru/cgi-bin/koha/opac-detail.pl?biblionumber=373699

MARC

LEADER 00000nam0a2200000 4500
001 373699
005 20231102012605.0
035 |a (RuTPU)RU\TPU\retro\31129 
035 |a RU\TPU\book\304926 
090 |a 373699 
100 |a 20221216d1978 k y0rusy50 ca 
101 1 |a rus  |c eng 
102 |a RU 
105 |a a z 001zy 
200 1 |a Криптон-85 в атмосфере  |e накопление, биологическое значение и способы контроля  |e рекомендации национального комитета США по радиационной защите и измерениям  |e пер. с англ.  |f под ред. Ю. В. Сивинцева 
210 |a Москва  |c Атомиздат  |d 1978 
215 |a 64 с.  |c ил. 
320 |a Библиогр.: с. 58-63. 
606 1 |a Атмосфера  |2 stltpush  |3 (RuTPU)RU\TPU\subj\29618  |9 52906 
610 1 |a криптон 
610 1 |a накопление 
610 1 |a биологическое значение 
610 1 |a контроль 
610 1 |a радиационная защита 
610 1 |a измерения 
675 |a 551.51  |v 3 
702 1 |a Сивинцев  |b Ю. В.  |g Юрий Васильевич  |4 340 
801 1 |a RU  |b 63413507  |c 20150120 
801 2 |a RU  |b 63413507  |c 20221216  |g RCR 
942 |c BK